| 000 | 00578nam a22001697a 4500 | ||
|---|---|---|---|
| 020 | _qHard Cover. | ||
| 082 | _a621.3 | ||
| 100 | _aZia, Sara | ||
| 245 |
_aOnline Hardware Trojan Detection on SOC Integration Level: _bLeveraging Machine Learning / |
||
| 260 |
_aIslamabad: _bSEECS - NUST, _c2018. |
||
| 300 |
_a73 p. : _bill. ; _c30cm. |
||
| 650 |
_aElectrical Engineering MS-Thesis. _916073 |
||
| 700 |
_aDr. Osman Hassan _926856 |
||
| 856 | _uhttp://10.250.8.41:8080/xmlui/handle/123456789/28080 | ||
| 942 |
_2ddc _cTHE |
||
| 999 |
_c533262 _d533262 |
||